000 00452cam a2200181ua 4500
003 OSt
008 250804b |||||||| |||| 00| 0 eng d
020 _a0-85334-396-6
041 _aeng
082 _a621.47
_bPAL/EN
100 _aPalz, W .
_91453
245 _aEnergy from biomass /
260 _aLondon :
_bElsevier applied sciences ,
_c1985.
300 _a1211 ; .
700 1 _aCoombs, J .
_97685
700 1 _aHall, D.O .
_97686
942 _cBK
999 _c6769
_d6769